| 000 | 00412nam a2200169Ia 4500 | ||
|---|---|---|---|
| 008 | 140316s9999 xx 000 0 und d | ||
| 020 | _a8131405265 | ||
| 082 |
_a658 _bSHA/HA |
||
| 100 | _aSharma,GK | ||
| 245 | _aHandBook of Management Terms | ||
| 260 |
_aHyderabad _bIcfai University Press _c2006 |
||
| 300 | _a131 | ||
| 650 | _ahandbook | ||
| 650 | _ahandbook | ||
| 700 | _aPradeep Kumar | ||
| 942 |
_2ddc _cBK |
||
| 999 |
_c9243 _d9243 |
||